Získávaní výzkumných zpráv /reportu/, disertačních prací a jiné nekomerční literatury ze západní Evropy
Saved in:
| Main Author: | |
|---|---|
| Format: | Book |
| Language: | Czech |
| Published: |
Praha :
ÚVTEI,
1978
|
| Tags: |
No Tags, Be the first to tag this record!
|
MARC
| LEADER | 00000nam a22000003a 4500 | ||
|---|---|---|---|
| 001 | stu207726 | ||
| 005 | 20150617230053.2 | ||
| 008 | 100719s1978----cs------------------cze-d | ||
| 040 | |a STU |b slo | ||
| 041 | 0 | |a cze | |
| 044 | |a cs | ||
| 080 | |a 087.2(07) | ||
| 100 | 1 | |a Čermáková, Jiřina |4 aut | |
| 245 | 1 | |a Získávaní výzkumných zpráv /reportu/, disertačních prací a jiné nekomerční literatury ze západní Evropy | |
| 260 | |a Praha : |b ÚVTEI, |c 1978 | ||
| 300 | |a 87 s | ||
| 996 | |c V*16104/O-5704 |l VV3 |s P |a 0 |w stu207726_0001 | ||